Identify the Country By Population Graph #2 - Statistics

General Stats
  • This quiz has been taken 10 times
  • The average score is 5 of 16
Answer Stats
Picture Answer % Correct
India
83%
Afghanistan
50%
Montenegro
50%
Turkey
50%
Vietnam
50%
Australia
33%
Cambodia
33%
Chile
33%
Sweden
33%
Uganda
33%
Jordan
17%
Madagascar
17%
Niger
17%
Philippines
17%
Slovakia
17%
Hungary
0%
No matching quizzes found
Score Distribution
Percent of People with Each Score
Percentile by Number Answered
Your Score History
You have not taken this quiz